How Landlocked Is It? - Statistics

General Stats
  • This quiz has been taken 40 times
  • The average score is 18 of 20
Answer Stats
Question Answer % Correct
Germany Coastal
100%
Myanmar Coastal
100%
Djibouti Coastal
100%
East Timor Coastal
100%
Bangladesh Coastal
100%
Monaco Coastal
100%
Mozambique Coastal
100%
Canada Coastal
100%
Belize Coastal
100%
Laos Landlocked
100%
Czech Republic Landlocked
100%
Ethiopia Landlocked
100%
Paraguay Landlocked
100%
Cameroon Coastal
75%
Jordan Coastal
75%
Georgia Coastal
75%
Liechtenstein Double Landlocked
75%
Tajikistan Landlocked
75%
Armenia Landlocked
75%
Azerbaijan Landlocked
50%
No matching quizzes found
Score Distribution
Percent of People with Each Score
Percentile by Number Answered
Your Score History
You have not taken this quiz